000 00607nam a2200205 i 4500
001 101200
003 ES-MaACL
005 20250829062542.0
007 t|
008 051014s1959 sp ||||1| spa d
100 1 _aMaurois, André,
_d1885-1967
_979267
245 1 0 _aDestinos ejemplares /
_cAndré Maurois, [seud.] de Emile Herzog; [versión castellana de Leonor Muñoz].
260 _aBarcelona :
_bG.P.,
_c1959.
300 _a124 p. ;
_c18 cm.
490 1 _aPlaza
700 1 _aMuñoz, Leonor.
_984324
830 0 _aPlaza
_9181244
852 _aES-MaACL
_jC-16353
_bR.44133
999 _c101200
_d101200